Oral Health Manual / (Record no. 2708)
[ view plain ]
| 000 -LEADER | |
|---|---|
| fixed length control field | 00533nam a22001937a 4500 |
| 005 - DATE AND TIME OF LATEST TRANSACTION | |
| control field | 20201117121542.0 |
| 008 - FIXED-LENGTH DATA ELEMENTS--GENERAL INFORMATION | |
| fixed length control field | 201117b ||||| |||| 00| 0 eng d |
| 020 ## - INTERNATIONAL STANDARD BOOK NUMBER | |
| International Standard Book Number | 9781999757601 |
| 040 ## - CATALOGING SOURCE | |
| Transcribing agency | KABLIB |
| 082 ## - DEWEY DECIMAL CLASSIFICATION NUMBER | |
| Edition number | 23 |
| Classification number | 616 |
| Item number | RAN |
| 100 ## - MAIN ENTRY--PERSONAL NAME | |
| Personal name | Rankin ,Sharon |
| 9 (RLIN) | 7327 |
| 245 ## - TITLE STATEMENT | |
| Title | Oral Health Manual / |
| Statement of responsibility, etc. | Sharon Rankin ,Marian Lennon |
| 250 ## - EDITION STATEMENT | |
| Edition statement | 2nd ed.: |
| 260 ## - PUBLICATION, DISTRIBUTION, ETC. | |
| Place of publication, distribution, etc. | UK : |
| Name of publisher, distributor, etc. | Sunnymede Trust , |
| Date of publication, distribution, etc. | c2019. |
| 300 ## - PHYSICAL DESCRIPTION | |
| Extent | 115p.: |
| Other physical details | ill.(som.col.); |
| Dimensions | 30cm |
| 650 ## - SUBJECT ADDED ENTRY--TOPICAL TERM | |
| Topical term or geographic name entry element | health |
| 9 (RLIN) | 7328 |
| 700 ## - ADDED ENTRY--PERSONAL NAME | |
| Personal name | Lennon,Marian |
| 9 (RLIN) | 7329 |
| 942 ## - ADDED ENTRY ELEMENTS (KOHA) | |
| Source of classification or shelving scheme | Dewey Decimal Classification |
| Koha item type | Book |
| Withdrawn status | Lost status | Source of classification or shelving scheme | Damaged status | Not for loan | Home library | Current library | Shelving location | Date acquired | Total Checkouts | Full call number | Barcode | Date last seen | Price effective from | Koha item type |
|---|---|---|---|---|---|---|---|---|---|---|---|---|---|---|
| Dewey Decimal Classification | Education Library | Education Library | Open Access Section | 17.11.2020 | 617.601 RAN | 7445 | 17.11.2020 | 17.11.2020 | Book | |||||
| Dewey Decimal Classification | Education Library | Education Library | Open Access Section | 17.11.2020 | 617.601 RAN | 7444 | 17.11.2020 | 17.11.2020 | Book | |||||
| Dewey Decimal Classification | Education Library | Education Library | Open Access Section | 17.11.2020 | 617.601 RAN | 172906 | 17.11.2020 | 17.11.2020 | Book | |||||
| Dewey Decimal Classification | Education Library | Education Library | Open Access Section | 01.12.2020 | 617.601 RAN | 7443 | 01.12.2020 | 01.12.2020 | Book |